000
00258nam a22001217a 4500
008
180423b xxu||||| |||| 00| 0 eng d
041
_a
eng
080
_a
043.3
100
_a
0
101
_a
ARK-BA
245
_a
Shkolla Fillore
_c
Olluri, A
942
_2
udc
_c
BK
999
_c
45435
_d
45435